-
KADAM , S.S.,MAHADIK,DR. K.R..,AND BOTHARA.,DR. K.G
Entry Personal Name
Number of records used in: 1
001 - CONTROL NUMBER
003 - CONTROL NUMBER IDENTIFIER
005 - DATE AND TIME OF LATEST TRANSACTION
- control field:
20240108154755.0
008 - FIXED-LENGTH DATA ELEMENTS
- fixed length control field:
240108|| aca||aabn | a|a d
040 ## - CATALOGING SOURCE
- Original cataloging agency:
JRU
- Transcribing agency:
JRU
100 ## - HEADING--PERSONAL NAME
- Personal name:
KADAM , S.S.,MAHADIK,DR. K.R..,AND BOTHARA.,DR. K.G
670 ## - SOURCE DATA FOUND
- Source citation:
Work cat.: (JRU)5833: KADAM , S.S.,MAHADIK,DR. K.R..,AND BOTHARA.,DR. K.G, PRINCIPLES OF MEDICINAL CHEMISTRY (VOL-II )